|
|
|
|
| LEADER |
00000nab a2200000 a 4500 |
| 001 |
vtls011116810 |
| 003 |
SK-MaSNL |
| 005 |
20260303142943.0 |
| 008 |
230222|2007 xo |||||||||||||||||slo| |
| 015 |
|
|
|a SNBRB
|
| 035 |
|
|
|a (uuid)0a6a7afd-1e16-412b-b29e-50525ef3219c
|
| 035 |
|
|
|a (urnnbn)urn:nbn:sk:snk:ar-a08l39
|
| 035 |
|
|
|a urn:nbn:sk:snk-ab9n9z
|
| 040 |
|
|
|a SNKBUCL
|b slo
|c SNKBUCL
|e AACR2
|
| 041 |
0 |
|
|a slo
|
| 044 |
|
|
|a xo
|c SK
|
| 100 |
1 |
|
|a Schvarzbacherová, Eva
|4 aut
|9 489906
|
| 245 |
1 |
0 |
|a VYUŽÍVANIE ODPADOVÉHO TEPLA SPALÍN
|c Eva Schvarzbacherová, Ivan Piatnička
|
| 700 |
1 |
|
|a Piatnička, Ivan
|4 aut
|9 10588
|
| 773 |
0 |
|
|t Acta Mechanica Slovaca
|g Roč. 11, č. 4-D (2007), s. 589-594
|
| 954 |
|
|
|a odborná, vedecká literatúra pôvodná (slovenská)
|2 lita
|
| 958 |
|
|
|a OND
|
| 958 |
|
|
|a EUIPO
|
| 958 |
|
|
|a article13
|
| 999 |
|
|
|c 1987021
|d 1988951
|